The fifth agreement : (Record no. 1861)
[ view plain ]
| 000 -LEADER | |
|---|---|
| fixed length control field | 01758cam a2200301 a 4500 |
| 001 - CONTROL NUMBER | |
| JCCL Control Number | 1861 |
| 003 - CONTROL NUMBER IDENTIFIER | |
| JCCL marc code | BD-JhCC |
| 005 - DATE AND TIME OF LATEST TRANSACTION | |
| control field | 20200412134008.0 |
| 008 - FIXED-LENGTH DATA ELEMENTS--GENERAL INFORMATION | |
| fixed length control field | 091020s2010 cau 000 0 eng |
| 020 ## - INTERNATIONAL STANDARD BOOK NUMBER | |
| International Standard Book Number | 9781878424686 (acidfree paper) |
| 035 ## - SYSTEM CONTROL NUMBER | |
| system control number | (BD-JhCC)1861 |
| 040 ## - CATALOGING SOURCE | |
| Original cataloging agency | DLC |
| Transcribing agency | DLC |
| Modifying agency | DLC |
| 041 ## - LANGUAGE CODE | |
| Language code of Book | eng |
| 050 00 - LIBRARY OF CONGRESS CALL NUMBER | |
| Classification number | BJ1595 |
| Item number | .R73 2010 |
| 082 00 - DEWEY DECIMAL CLASSIFICATION NUMBER | |
| Classification number | 299.7/92 |
| DDC Edition number | 22 |
| Author mark and Year | RUI 1952 |
| 100 1# - MAIN ENTRY--PERSONAL NAME | |
| Personal name | Ruiz, Miguel, |
| Dates associated with a name | 1952- |
| 245 14 - TITLE STATEMENT | |
| Title | The fifth agreement : |
| Remainder of title | a practical guide to self-mastery / |
| Statement of responsibility, etc | Miguel Ruiz and Jose Ruiz ; with Janet Mills. |
| 260 ## - PUBLICATION, DISTRIBUTION, ETC. (IMPRINT) | |
| Place of publication, distribution, etc | San Rafael, Calif. : |
| Name of publisher, distributor, etc | Amber-Allen Pub. : |
| -- | Distributed by Hay House, |
| Date of publication, distribution, etc | 2010. |
| 300 ## - PHYSICAL DESCRIPTION | |
| Pagination | xvi, 232 p. ; |
| Dimensions | 19 cm. |
| 500 ## - GENERAL NOTE | |
| General note | "A Toltec Wisdom book." |
| 505 0# - FORMATTED CONTENTS NOTE | |
| Formatted contents note | Introduction -- In the beginning : it's all in the program -- Symbols and agreements : the art of humans -- The story of you : the first agreement : be impeccable with your word -- Every mind is a world : the second agreement : don't take anything personally -- Truth or fiction : the third agreement : don't make assumptions -- The power of belief : the symbol of Santa Claus -- Practice makes the master : the fourth agreement : always do your best -- The power of doubt : the fifth agreement : be skeptical, but learn to listen -- The dream of the first attention : the victims -- The dream of the second attention : the warriors -- The dream of the third attention : the masters -- Becoming a seer : a new point of view -- The three languages : what kind of messenger are you? -- Epilogue: Help me to change the world. |
| 650 #0 - SUBJECT ADDED ENTRY--TOPICAL TERM | |
| Topical term or geographic name as entry element | Conduct of life. |
| 650 #0 - SUBJECT ADDED ENTRY--TOPICAL TERM | |
| Topical term or geographic name as entry element | Belief and doubt. |
| 650 #0 - SUBJECT ADDED ENTRY--TOPICAL TERM | |
| Topical term or geographic name as entry element | Toltec philosophy |
| General subdivision | Miscellanea. |
| 700 1# - ADDED ENTRY--PERSONAL NAME | |
| Personal name | Ruiz, Jose Luis, |
| Dates associated with a name | 1978- |
| 700 1# - ADDED ENTRY--PERSONAL NAME | |
| Personal name | Mills, Janet, |
| Dates associated with a name | 1953- |
| 942 ## - ADDED ENTRY ELEMENTS (KOHA) | |
| Source of classification or shelving scheme | Dewey Decimal Classification |
| Koha item type | Books |
| Koha issues (borrowed), all copies | 7 |
| Source of classification or shelving scheme | Damaged status | Not for loan | Home library | Current library | Shelving location | Date of accession | Total Checkouts | Full call number | Barcode | Date last seen | Date checked out | Copy number | Koha item type |
|---|---|---|---|---|---|---|---|---|---|---|---|---|---|
| Dewey Decimal Classification | JCC Rouf Library | JCC Rouf Library | General Stacks | 10/25/2017 | 7 | 299.7/92 RUI 1952 | 3304 | 06/24/2025 | 06/24/2025 | C-1 | Books |